000 00613nam a22002297a 4500
003 OSt
005 20151015100506.0
008 130206t xxu||||| |||| 00| 0 eng d
020 _a9716420714
050 _aDS 668
_b.Z13 2006
082 _aFIL959.9
_b.Z21 1999
100 _aZaide, Sonia M.
245 _aThe Philippines :
_ba unique nation /
_cSonia M. Zaide.
250 _a2nd edition.
260 _aQuezon City :
_bAll-Nations Publishing Co., Inc.,
_c2006.
300 _a478 pages ;
_c23 cm.
526 _c1210L-1700L
562 _e2
942 _2lcc
_cBK
_kFIL
999 _c288864
_d288864